000
00292nam a22001217a 4500
041
_a
ENG
100
_a
Lenka.D
245
_a
Tools Implements And machineies In Agriculture And Allied Services
260
_a
Delhi
_b
Kalyani Pub
_c
2008
300
_a
110
650
_a
FMP
856
_u
FMP ( 16 )
999
_c
1385
_d
1385